000 00204 a2200097 4500
001 49602
100 _aBlair
245 _aFactual prose
260 _aChicago
_bFreshman Company
_c
090 _c32122
_d32122
942 _aNUST-CAE
_cM
_c24584
999 _c284675
_d284675